Islam the ideal religion (Record no. 65218)
[ view plain ]
| 000 -LEADER | |
|---|---|
| fixed length control field | 00218nam a22001097a 4500 |
| 082 ## - DEWEY DECIMAL CLASSIFICATION NUMBER | |
| Classification number | 297 YOU |
| 100 ## - MAIN ENTRY--AUTHOR NAME | |
| Personal name | Youssef El-Digwy |
| 245 ## - TITLE STATEMENT | |
| Title | Islam the ideal religion |
| 260 ## - PUBLICATION, DISTRIBUTION, ETC. (IMPRINT) | |
| Place of publication | Lahore |
| 300 ## - PHYSICAL DESCRIPTION | |
| Number of Pages | 179 |
| 942 ## - ADDED ENTRY ELEMENTS (KOHA) | |
| Koha item type | Books |
| Withdrawn status | Lost status | Collection code | Home library | Current library | Date acquired | Full call number | Accession Number | Koha item type |
|---|---|---|---|---|---|---|---|---|
| Reference | Reference Section | Reference Section | 09/07/2019 | 297 YOU (Shelf - 18D) | R11820 | Books |